Statystyki dla Ptaki polski

Kliknij tutaj aby rozwiązać quiz!

Ogólne statystyki

  • Ten quiz został rozwiązany 6 razy
  • Średni wynik to 1 z 14

Statystyki odpowiedzi

Odpowiedź% Poprawnych
dudek
33%
puchacz
33%
czyż
17%
lelek
17%
uszatka
17%
wilga
17%
bażant
0%
bogatka
0%
kawka
0%
kraska
0%
kukułka
0%
kuropatwa
0%
zimorodek
0%
żołna
0%

Rozkład punktacji

Percentyl według liczby udzielonych odpowiedzi

Procent ludzi z każdym wynikiem

Twoja historia wyników

Nie rozwiązałeś tego quizu